Derecho contractual europeo: problemática, propuestas y perspectivas

Uloženo v:
Podrobná bibliografie
Hlavní autor: Bosch Capdevila, Esteve (Autor)
Médium: Kniha
Jazyk:španělština
Vydáno: Barcelona Bosch 2009
Vydání:1a. ed
Témata:
Tagy: Přidat tag
Žádné tagy, Buďte první, kdo vytvoří štítek k tomuto záznamu!

MARC

LEADER 00000cam a2200000 a 4500
001 UCD3431
003 CL-VaPUC
008 160603e20090000sp |||||||||||||||||spa|d
020 |a 9788497904797 
082 0 4 |a 346.402  |b BOS  |2 21 
100 0 |a Bosch Capdevila, Esteve  |e author  |9 586905 
245 1 0 |a Derecho contractual europeo: problemática, propuestas y perspectivas 
250 |a 1a. ed 
300 |a 597 p 
942 |c BK 
945 |d 20160603 11:43:00  |a arojas 
260 |a Barcelona  |b Bosch  |c 2009 
650 0 |a Derecho contractual  |9 373875 
650 7 |a RESPONSABILIDAD CIVIL  |2 CL-VaPUC  |9 586906 
650 0 |a Derecho europeo  |9 391498 
650 0 |a Ordenamiento jurídico   |9 355371 
651 0 |a Europa  |9 255156 
583 |a last modification  |c 20160603 11:43:00  |k Rodrigo Vera 
999 |c 364467  |d 364465 
952 |0 0  |1 0  |3 erb  |4 0  |6 346_402000000000000_BOS_2009  |7 0  |8 A  |9 477663  |a BIBDER  |b BIBDER  |i 5290503  |l 1  |m 5  |o 346.402 BOS 2009  |p 5290503  |q 2025-12-31  |r 2020-03-04  |s 2020-03-04  |w 2019-11-24  |y BK  |z Catalogado en:20160603  |k DER